<?xml version="1.0" encoding="UTF-8"?>
<collection xmlns="http://www.loc.gov/MARC21/slim">
 <record>
  <leader>01419nam a2200229Ia 4500</leader>
  <controlfield tag="001">CTU_111240</controlfield>
  <controlfield tag="008">210402s9999    xx            000 0 und d</controlfield>
  <datafield tag="082" ind1=" " ind2=" ">
   <subfield code="a">952.033092</subfield>
  </datafield>
  <datafield tag="082" ind1=" " ind2=" ">
   <subfield code="b">B421</subfield>
  </datafield>
  <datafield tag="100" ind1=" " ind2=" ">
   <subfield code="a">Behr, Edward</subfield>
  </datafield>
  <datafield tag="245" ind1=" " ind2="0">
   <subfield code="a">Hirohito :</subfield>
  </datafield>
  <datafield tag="245" ind1=" " ind2="0">
   <subfield code="b">Behind the myth</subfield>
  </datafield>
  <datafield tag="245" ind1=" " ind2="0">
   <subfield code="c">Edward Behr</subfield>
  </datafield>
  <datafield tag="260" ind1=" " ind2=" ">
   <subfield code="a">New York</subfield>
  </datafield>
  <datafield tag="260" ind1=" " ind2=" ">
   <subfield code="b">Villard Books</subfield>
  </datafield>
  <datafield tag="260" ind1=" " ind2=" ">
   <subfield code="c">1989</subfield>
  </datafield>
  <datafield tag="520" ind1=" " ind2=" ">
   <subfield code="a">The late emperor Hirohito has been the subject of several biographies, notably David Bergamini's Japan's Imperial Conspiracy (LJ 12/15/71) and Leonard Mosley's Hirohito: Emperor of Japan (LJ 6/15/66). The life and times of Hirohito remain controversial, however, and there is ample need for an ongoing reassessment by responsible writers. Behr, a Newsweek correspondent, presents a well-researched (though in English-language sources only) study that provides a fascinating and probing look at the life of the 20th century's longest-reigning monarch. Behr argues that a generation of Hirohito apologists have propagated the notion that Hirohito was a &quot;peace-loving puppet&quot; who didn't know what his generals and ministers were up to in the 1930s and 1940s; Behr's intention is to &quot;restore the balance.&quot; The result, however, is not &quot;balance&quot; but a lawyer's brief for the prosecution.</subfield>
  </datafield>
  <datafield tag="650" ind1=" " ind2=" ">
   <subfield code="a">Emperors</subfield>
  </datafield>
  <datafield tag="650" ind1=" " ind2=" ">
   <subfield code="x">Biography</subfield>
  </datafield>
  <datafield tag="650" ind1=" " ind2=" ">
   <subfield code="z">Japan</subfield>
  </datafield>
  <datafield tag="904" ind1=" " ind2=" ">
   <subfield code="i">M.Loan</subfield>
  </datafield>
  <datafield tag="980" ind1=" " ind2=" ">
   <subfield code="a">Trung tâm Học liệu Trường Đại học Cần Thơ</subfield>
  </datafield>
 </record>
</collection>
